| 000 | 00407nam a22001457a 4500 | ||
|---|---|---|---|
| 003 | OSt | ||
| 082 |
_a635.642 _bP74G |
||
| 100 | _aPrasad, Ramanandan | ||
| 245 | _aGenetic Variability and Path Analysis in Tomata (lycopersicum aseslentun Mill.) | ||
| 260 |
_aPusa, Samastipur _bBAU, Sabour, RAU, Pusa _c1989 |
||
| 300 | _a77P. | ||
| 502 |
_bMsc. _d1989 |
||
| 650 | _aVegetable & Floriculture | ||
| 942 |
_2ddc _cT |
||
| 999 |
_c50098 _d50098 |
||